Pueblo en España - Muerte súbita - Estadísticas

Estadísticas generales
  • Esta prueba ha sido intentada 675 veces
  • La puntuación promedio es 10 de 13
Answers on the Grid
Answers color-coded by a green-red scale on the quiz's grid according to % correct below.
Lisboa
Tanger
La Paz
Sévilla
Santiago de Compostela
Buenos Aires
Bilbao
Puerto-España
Ibiza
Andorra la Vieja
Barcelona
Oporto
Fez
Perpiñan
Tarragona
Cadiz
Hendaya
Los Angeles
Lima
Granada
Mexico
Llivia
Madrid
Bayona
Murcia
Toledo
Valencia
Braga
 
Estadísticas de respuestas
Respuesta % Correcto
Bilbao
93%
Sévilla
90%
Barcelona
89%
Santiago de Compostela
89%
Ibiza
85%
Cadiz
83%
Tarragona
82%
Madrid
79%
Toledo
79%
Granada
78%
Murcia
78%
Valencia
77%
Llivia
29%
No se encontraron pruebas coincidentes
Distribución de puntuación
Porcentaje de gente con cada puntuación
Porcentaje por número respondido
Historial de tus puntuaciones
No has intentado esta prueba.